000
00201 a2200097 4500
001
2465
100
_a
Driggs, I H
245
_a
Gas Turbines for Aircraft
260
_a
_b
Ronald
_c
090
_c
1784
_d
1784
942
_a
NUST-CAE
_c
M
_c
8713
999
_c
237538
_d
237538